00899nam a2200265Ia 4500003000900000008004100009020003000050020003100080022002200111022002300133040001600156100002300172245004400195260005700239300002000296490002900316650005000345650004500395650002500440650003300465650001200498700002700510700002700537856006900564IN-BaIIA211028s9999 xx s 000 0 eng d a978-3-540-44293-6 (Print) a978-3-540-45823-4 (Online) a0075-8450 (Print) a1616-6361 (Online) cIIA Library aMezei, Ferenc, ed. 0aNeutron Spin Echo Spectroscopyh[eBook] aHeidelberg, BerlinbSpringer Berlin Heidelbergc2003 aOnline resource aLecture Notes in Physics a Characterization and Evaluation of Materials a Measurement Science and Instrumentation a Solid State Physics a Spectroscopy and Microscopy aPhysics aGutberlet, Thomas, ed. aPappas, Catherine, ed. uhttp://doi.org/10.1007/3-540-45823-9yClick Here to Access eBook